The green deal and energy company obligation (Record no. 112974)

MARC details
000 -LEADER
fixed length control field 01121cad a22001935a 4500
001 - CONTROL NUMBER
control field L154404
008 - FIXED-LENGTH DATA ELEMENTS--GENERAL INFORMATION
fixed length control field 111125s2011 xxk f 000 0 eng d
035 ## - SYSTEM CONTROL NUMBER
System control number (Sirsi) u154404
041 0# - LANGUAGE CODE
Language code of text/sound track or separate title eng
110 2# - MAIN ENTRY--CORPORATE NAME
Corporate name or jurisdiction name as entry element United Kingdom
Subordinate unit Department of Energy and Climate Change
9 (RLIN) 5850
245 04 - TITLE STATEMENT
Title The green deal and energy company obligation
Medium [electronic resource]
260 ## - PUBLICATION, DISTRIBUTION, ETC.
Place of publication, distribution, etc. London
Name of publisher, distributor, etc. DECC
Date of publication, distribution, etc. 2011
520 ## - SUMMARY, ETC.
Summary, etc. Consultation seeks views on the Green Deal and Energy Company Obligation policies that are to be implemented in secondary legislation and under the energy licensing framework. Views are sought from a wide range of stakeholders including those organisations with an interest in operating within the framework and members of the general public. The consultation closes on 18 January 2012.
590 ## - LOCAL NOTE (RLIN)
Local note KA NTK
651 #4 - SUBJECT ADDED ENTRY--GEOGRAPHIC NAME
Geographic name United Kingdom
Chronological subdivision
690 ## - LOCAL SUBJECT ADDED ENTRY--TOPICAL TERM (OCLC, RLIN)
Topical term or geographic name as entry element ENVIRONMENTAL AND LAND CONSULTANCY-ENERGY-ENERGY USE-ENERGY EFFICIENCY
856 40 - ELECTRONIC LOCATION AND ACCESS
Uniform Resource Identifier <a href="https://www.decc.gov.uk/assets/decc/11/consultation/green-deal/3607-green-deal-energy-company-ob-cons.pdf">https://www.decc.gov.uk/assets/decc/11/consultation/green-deal/3607-green-deal-energy-company-ob-cons.pdf</a>
Public note View the consulation free of charge at www.decc.gov.uk
942 ## - ADDED ENTRY ELEMENTS (KOHA)
Suppress in OPAC 0
Holdings
Withdrawn status Lost status Source of classification or shelving scheme Damaged status Not for loan Home library Current library Shelving location Date acquired Total Checkouts Full call number Barcode Date last seen Copy number Price effective from Koha item type
    Dewey Decimal Classification     Virtual Virtual Online 25/11/2011   ONLINE PUBLICATION 154404-2001 06/08/2019 1 06/08/2019 Book